Výroba na půjčku
Uplatnenie princípov franchisingu v signmakingu. Vzťah franchisor a franchisant. Školenie franchisantov.
Na minha lista:
| Formato: | Capítulo de Livro |
|---|---|
| Idioma: | tcheco |
| Assuntos: | |
| Tags: |
Sem tags, seja o primeiro a adicionar uma tag!
|
MARC
| LEADER | 00000naa a2200000 4500 | ||
|---|---|---|---|
| 001 | r021544 | ||
| 005 | 20230911123633.6 | ||
| 041 | 0 | |a cze | |
| 044 | |a CZ | ||
| 245 | 1 | 0 | |a Výroba na půjčku |
| 520 | |a Uplatnenie princípov franchisingu v signmakingu. Vzťah franchisor a franchisant. Školenie franchisantov. | ||
| 610 | 2 | 0 | |a franchising |
| 610 | 2 | 0 | |a signmaking |
| 610 | 2 | 0 | |a prostriedky reklamné |
| 610 | 2 | 0 | |a technika obchodná |
| 610 | 2 | 0 | |a technika predaja |